The divine connection: a strategic pathway to Islamic leadership / (Record no. 617182)

000 -LEADER
fixed length control field 00510nam a22001817a 4500
020 ## - INTERNATIONAL STANDARD BOOK NUMBER
International Standard Book Number 9789699647161
082 ## - DEWEY DECIMAL CLASSIFICATION NUMBER
Classification number 297.62
Author Mark KHA
100 ## - MAIN ENTRY--PERSONAL NAME
Personal name Khan, Naweed Akbar
245 ## - TITLE STATEMENT
Title The divine connection: a strategic pathway to Islamic leadership /
250 ## - EDITION STATEMENT
Edition statement 1st ed.
260 ## - PUBLICATION, DISTRIBUTION, ETC.
Place of publication, distribution, etc. Islamabad:
Name of publisher, distributor, etc. Profile printing publishing;
Date of publication, distribution, etc. 2026.
300 ## - PHYSICAL DESCRIPTION
Extent 689p
504 ## - BIBLIOGRAPHY, ETC. NOTE
Bibliography, etc. note Includes bibliographical references
563 ## - BINDING INFORMATION
Binding note HB
650 ## - SUBJECT ADDED ENTRY--TOPICAL TERM
Topical term or geographic name entry element Islamic leadership
650 ## - SUBJECT ADDED ENTRY--TOPICAL TERM
Topical term or geographic name entry element Islam
942 ## - ADDED ENTRY ELEMENTS (KOHA)
Source of classification or shelving scheme
Koha item type Book
650 ## - SUBJECT ADDED ENTRY--TOPICAL TERM
-- 134209
Holdings
Withdrawn status Lost status Source of classification or shelving scheme Materials specified (bound volume or other part) Damaged status Not for loan Permanent Location Current Location Shelving location Date acquired Source of acquisition Total Checkouts Full call number Barcode Date last seen Price effective from Koha item type
      Donated by Author     Central Library (CL) Central Library (CL) First Floor - Islam 04/18/2026 Donation   297.62 KHA CL-D-3359 04/18/2026 04/18/2026 Book
      Donated by Author     Central Library (CL) Central Library (CL) First Floor - Islam 04/18/2026 Donation   297.62 KHA CL-D-3358 04/18/2026 04/18/2026 Book
© 2023 Central Library, National University of Sciences and Technology. All Rights Reserved.